Daily life in ancient Egyptian personal correspondence /
This publication considers a selection of letters from the Old Kingdom up to and including the Twenty-first Dynasty. Under the topic headings of 'problems and issues', 'daily life', 'religious matters', 'military and police matters', it demonstrates the insigh...
المؤلف الرئيسي:
التنسيق: كتاب الكتروني
اللغة: English
منشور في:
Oxford :
Archaeopress Publishing Ltd,
[2021]
سلاسل:
Archaeopress Egyptology ;
32.
الموضوعات:
الوصول للمادة أونلاين: Login to view Source
الوسوم: إضافة وسم
رقم الطلب: PJ1487
| LEADER | 01856nam a2200409 i 4500 | ||
|---|---|---|---|
| 001 | EDZ0002431657 | ||
| 003 | StDuBDS | ||
| 005 | 20230412182738.0 | ||
| 006 | m|||||o||d|||||||| | ||
| 007 | cr ||||||||||| | ||
| 008 | 210227t20212021enk fob 000|0|eng|d | ||
| 020 | |a 9781789695083 (PDF ebook) : |c No price | ||
| 040 | |a StDuBDS |b eng |c StDuBDS |e rda |e pn | ||
| 050 | 4 | |a PJ1487 | |
| 082 | 0 | 4 | |a 893.109 |2 23 |
| 100 | 1 | |a Thorpe, Susan, |e author. | |
| 245 | 1 | 0 | |a Daily life in ancient Egyptian personal correspondence / |c Susan Thorpe. |
| 264 | 1 | |a Oxford : |b Archaeopress Publishing Ltd, |c [2021] | |
| 264 | 4 | |c ©2021 | |
| 300 | |a 1 online resource (136 pages). | ||
| 336 | |a text |2 rdacontent | ||
| 337 | |a computer |2 rdamedia | ||
| 338 | |a online resource |2 rdacarrier | ||
| 490 | 1 | |a Archaeopress Egyptology ; |v 32 | |
| 500 | |a Also issued in print: 2021. | ||
| 504 | |a Includes bibliographical references. | ||
| 520 | 8 | |a This publication considers a selection of letters from the Old Kingdom up to and including the Twenty-first Dynasty. Under the topic headings of 'problems and issues', 'daily life', 'religious matters', 'military and police matters', it demonstrates the insight such texts can provide regarding aspects of belief, relationships, custom and behaviour. | |
| 521 | |a Specialized. | ||
| 588 | |a Description based on online resource; title from PDF title page (viewed on March 1, 2021). | ||
| 650 | 0 | |a Egyptian letters |x History and criticism. | |
| 651 | 0 | |a Egypt |x History |y To 332 B.C. |v Sources. | |
| 776 | 0 | 8 | |i Print version : |z 9781789695076 |
| 830 | 0 | |a Archaeopress Egyptology ; |v 32. | |
| 856 | 4 | 0 | |3 Archaeopress |u http://library.arce.org:8087/Archaeopress/Products/9781789695076 |
| 942 | |2 lcc |c EBOOK | ||
| 952 | |0 0 |1 0 |4 0 |6 PJ1487 |7 1 |9 46664 |a ARCH |b ARCH |d 2023-04-12 |l 0 |o PJ1487 |r 2023-04-12 00:00:00 |w 2023-04-12 |y EBOOK | ||
| 999 | |c 52322 |d 52322 | ||
